MARC details
| 000 -CABECERA |
| campo de control de longitud fija |
01377nam a2200289 a 4500 |
| 001 - NÚMERO DE CONTROL |
| campo de control |
000035981 |
| 005 - FECHA Y HORA DE LA ÚLTIMA TRANSACCIÓN |
| campo de control |
20200930074756.0 |
| 008 - DATOS DE LONGITUD FIJA--INFORMACIÓN GENERAL |
| campo de control de longitud fija |
111121s2006 dr ac 001 0 spa d |
| 040 ## - FUENTE DE LA CATALOGACIÓN |
| Centro catalogador/agencia de origen |
DO-SdBNP |
| Lengua de catalogación |
spa |
| Centro/agencia transcriptor |
BNPHU |
| 041 17 - CÓDIGO DE LENGUA |
| Código de lengua del texto/banda sonora o título independiente |
spa |
| -- |
eng |
| 082 ## - NÚMERO DE LA CLASIFICACIÓN DECIMAL DEWEY |
| Número de clasificación |
728.5097293 |
| Número de documento/Ítem |
P852s,2006 |
| 100 1# - ENTRADA PRINCIPAL--NOMBRE DE PERSONA |
| Nombre de persona |
Portillo, Julio, |
| Fechas asociadas al nombre |
1944- |
| 9 (RLIN) |
16192 |
| 245 10 - MENCIÓN DE TÍTULO |
| Título |
Sofitel Nicolás de Ovando / |
| Mención de responsabilidad, etc. |
Julio Portillo ; traducción al inglés Josefina Beck de Nagel. |
| 260 ## - PUBLICACIÓN, DISTRIBUCIÓN, ETC. |
| Lugar de publicación, distribución, etc. |
Santo Domingo : |
| Nombre del editor, distribuidor, etc. |
Sofitel, |
| Fecha de publicación, distribución, etc. |
2006. |
| Lugar de fabricación/manufactura |
Caracas |
| Fabricante |
Arte |
| 300 ## - DESCRIPCIÓN FÍSICA |
| Extensión |
144 p. : |
| Otras características físicas |
il., retrs. ; |
| Dimensiones |
28 cm. |
| 505 0# - NOTA DE CONTENIDO CON FORMATO |
| Información miscelánea |
Liminar -- |
| Título |
Santo Domingo -- |
| -- |
El Lar de Ovando -- |
| -- |
El Hostal español -- |
| -- |
Alrededores -- |
| -- |
Sofitel Nicolás de Ovando -- |
| Información miscelánea |
Bibliografía -- |
| -- |
El autor -- |
| -- |
Epílogo. |
| 546 ## - NOTA DE LENGUA/LENGUAJE |
| Nota de lengua/lenguaje |
Textos a dos columnas en español e inglés. |
| 504 ## - NOTA DE BIBLIOGRAFÍA, ETC. |
| Nota de bibliografía, etc. |
Bibliografía: p.133-135. |
| 590 ## - NOTA LOCAL (RLIN) |
| Nota local |
Inventariado, 2019/VM |
| 650 #4 - PUNTO DE ACCESO ADICIONAL DE MATERIA--TÉRMINO DE MATERIA |
| Término de materia o nombre geográfico como elemento de entrada |
Hoteles |
| Subdivisión general |
Historia |
| Subdivisión geográfica |
Repùblica Dominicana |
| 9 (RLIN) |
20175 |
| 650 #4 - PUNTO DE ACCESO ADICIONAL DE MATERIA--TÉRMINO DE MATERIA |
| Término de materia o nombre geográfico como elemento de entrada |
Monumentos históricos |
| Subdivisión geográfica |
Santo Domingo (República Dominicana{Rpara} |
| 9 (RLIN) |
7717 |
| 650 #4 - PUNTO DE ACCESO ADICIONAL DE MATERIA--TÉRMINO DE MATERIA |
| Término de materia o nombre geográfico como elemento de entrada |
Arquitectura colonial |
| Subdivisión geográfica |
República Dominicana |
| 9 (RLIN) |
34508 |
| 651 #4 - PUNTO DE ACCESO ADICIONAL DE MATERIA--NOMBRE GEOGRÁFICO |
| Nombre geográfico |
Santo Domingo (República Dominicana : Ciudad{Rpara} |
| Subdivisión general |
Descripciones |
| -- |
Vistas |
| 9 (RLIN) |
57465 |
| 651 #4 - PUNTO DE ACCESO ADICIONAL DE MATERIA--NOMBRE GEOGRÁFICO |
| Nombre geográfico |
Santo Domingo (República Dominicana : Ciudad{Rpara} |
| Subdivisión general |
Descripciones |
| -- |
Fotografías |
| 9 (RLIN) |
57466 |
| 700 1# - PUNTO DE ACCESO ADICIONAL--NOMBRE DE PERSONA |
| Nombre de persona |
Beck de Nagel, Josefina, |
| Término indicativo de función/relación |
tr. |
| 9 (RLIN) |
62012 |
| 910 ## - DATOS DE OPCIÓN DEL USUARIO (OCLC) |
| Datos de opción del usuario |
Validado. Control de calidad EMS |